| 000 | 01292nam a2200229Ia 4500 | ||
|---|---|---|---|
| 999 |
_c41670 _d41670 |
||
| 001 | 8344 | ||
| 003 | GE_BSU | ||
| 005 | 20230215140902.0 | ||
| 008 | 181216s2013||||ge |||||||||||||| ||geo|| | ||
| 020 | _a9789941132988 | ||
| 040 | _cGE_BSU | ||
| 041 | _ageo | ||
| 080 | _a341.231.14 ზ-78 | ||
| 100 |
_aზოიძე, ბესარიონ _916918 |
||
| 245 |
_aსამართლის პრაქტიკული ყოფიერების შემეცნების ცდა = Der Versuch die praktische Existenz des Rechts zu verstehen : უპირატესად ადამიანის უფლებათა ჭრილში : _bესეები / _cბესარიონ ზოიძე ; რედ. გიორგი ხუბუა ; ივანე ჯავახიშვილის სახ. თსუ. |
||
| 264 |
_aთბილისი: _bთბილ. უნ-ტის გამ-ბა, _c2013. |
||
| 300 |
_a250 გვ.; _b19 სმ. |
||
| 500 | _aგარეკანი ქართ. და გერმ. პარალ. თავფურ. გერმ. | ||
| 653 | _aსამართლის ფილოსოფია | ||
| 700 |
_aხუბუა, გია _eრედაქტორი _916919 |
||
| 942 |
_cBK _2udc |
||